000 00364nam a2200157Ia 4500
003 Ost
005 20260225132557.0
008 260225s9999||||xx |||||||||||||| ||und||
040 _cfsic
041 _afre
082 _a440
100 _asimone
_eAuteur
245 0 _aanalyse du discours et sciences humaines et sosiales /
245 0 _csimone
942 _cكتاب
999 _c34548
_d34548